Statistics for NFL Football Teams by Their Old Logos

Click here to take the quiz!

General Stats

  • This quiz has been taken 4,670 times
  • The average score is 28 of 32

Answer Stats

Answer% Correct
Baltimore Ravens
98%
Chicago Bears
98%
New Orleans Saints
98%
Buffalo Bills
97%
Houston Texans
96%
Dallas Cowboys
95%
Jacksonville Jaguars
95%
Los Angeles Rams
95%
New England Patriots
95%
Philadelphia Eagles
95%
Carolina Panthers
92%
Cleveland Browns
92%
Minnesota Vikings
92%
Denver Broncos
91%
Seattle Seahawks
91%
Las Vegas Raiders
90%
Detroit Lions
89%
Indianapolis Colts
89%
Atlanta Falcons
88%
New York Jets
88%
Tennessee Titans
86%
Cincinnati Bengals
85%
Los Angeles Chargers
83%
Miami Dolphins
83%
Washington Commanders
82%
Green Bay Packers
79%
Pittsburgh Steelers
77%
Kansas City Chiefs
75%
Tampa Bay Buccaneers
74%
San Francisco 49ers
65%
New York Giants
58%
Arizona Cardinals
49%

Score Distribution

Percentile by Number Answered

Percent of People with Each Score

Your Score History

You have not taken this quiz